गणितीय कोश / (Record no. 66929)

MARC details
000 -LEADER
fixed length control field 00891 aa a2200229 4500
005 - DATE AND TIME OF LATEST TRANSACTION
control field 20120519154713.0
010 ## - LCCN (DPL NO)
LC control number
020 ## - INTERNATIONAL STANDARD BOOK NUMBER
Terms of availability 400.00
International Standard Book Number 8181433785
035 ## - SYSTEM CONTROL NUMBER
System control number B-179080
037 ## - SOURCE OF ACQUISITION
Source of stock number/acquisition pub
082 ## - DEWEY DECIMAL CLASSIFICATION NUMBER
Classification number 510.3
100 ## - MAIN ENTRY--PERSONAL NAME
Personal name ब्रजमोहन
245 ## - TITLE STATEMENT
Title गणितीय कोश /
Statement of responsibility, etc ब्रजमोहन
Remainder of title
246 ## - VARYING FORM OF TITLE
Title proper/short title
Remainder of title
260 ## - PUBLICATION, DISTRIBUTION, ETC. (IMPRINT)
Place of publication, distribution, etc नई दिल्ली
Name of publisher, distributor, etc वाणी प्रकाशन
Date of publication, distribution, etc 2005
270 ## - ADDRESS
Address
City नई दिल्ली
Postal code
Telephone number
300 ## - PHYSICAL DESCRIPTION
Extent 305पृ
Dimensions 22 सेमी (सजिल्द)
650 ## - SUBJECT ADDED ENTRY--TOPICAL TERM
Topical term or geographic name as entry element हिन्दी उपन्यास
650 ## - SUBJECT ADDED ENTRY--TOPICAL TERM
Topical term or geographic name as entry element Hindi Novel
942 ## - ADDED ENTRY ELEMENTS (KOHA)
Institution code [OBSOLETE] dpl
Item type Hindi Books
Call number prefix
Source of classification or shelving scheme Dewey Decimal Classification
Classification part 510.3
Call number suffix ब्रजमो
Holdings
Withdrawn status Lost status Not for loan Collection code Home library Current library Date acquired Cost, normal purchase price Full call number Barcode Cost, replacement price Koha item type
      Non-fiction Sarojini Nagar Sarojini Nagar 19/05/2012 400.00 510.3 ब्रजमो B-179080 400.00 Hindi Books

© Delhi Public Library
Hit Counter
free hit counter